000 01089nam a22002777a 4500
003 AR-Ro-UNCS
005 20251209133352.0
008 050607t1997 ag gr 001 pdspa d
015 _aAR-1997
020 _a950-46-0408-0
040 _aAR-BaBN
_bspa
_cAR-RoUNCS
_eaacr
080 1 _a82-1(82)
_22016
100 1 _aStorni, Alfonsina,
_d1892-1938
245 1 0 _aPoesías /
_cAlfonsina Storni ; selección, estudio y notas por María Fernanda Maquieira.
250 _a1a ed.
260 _aBuenos Aires :
_bSantillana,
_c1997.
300 _a103 p. ;
_c21 cm.
490 0 _aClásicos Esenciales Santillana
504 _aBibliografía: p. 102-103.
505 0 _aSelección de las poesías más significativas -- Panorama de la sociedad y cultura de la época -- Biografía de Alfonsina Storni y estudio literario de su obra -- Opiniones sobre la autora, cuadro cronológico y bibliografía.
650 7 _2embne
_aLiteratura argentina
655 7 _aPoesía
_2embne
655 7 _aAntologías
_2embne
700 1 _aMaquieira, María Fernanda,
_d1966-
_ecompiladora
_4com
942 _2udc
_cLPD
_n0
999 _c817
_d817